000 00896nam a2200241 a 4500
001 25367
003 CO-ViMGA
005 20230915232054.0
008 141112s2004 ck r 000 u spa d
020 _a970151891
040 _aCO-ViMGA
_bspa
_cCO-ViMGA
082 0 4 _a005.3 G37a
245 1 0 _aGestión de proyectos con microsoft project 2010 /
_cAntonio Colmenar Santos ... [et al.].
260 _aMéxico :
_bAlfaomega :
_bRa - Ma,
_c2011
300 _a344p. : il. ; 23 cm.
490 _aAlfaomega. Ra - Ma ; 1138
504 _aIncluye bibliografía e índice.
650 1 4 _aMicrosoft project (Programa para computador)
_938672
700 1 _aColmenar Santos, Antonio.
_938673
942 _2ddc
_cBK
949 _an n
999 _c32974
_d32974